| 000 | 00460nam a2200145Ia 4500 | ||
|---|---|---|---|
| 008 | 230917s9999||||xx |||||||||||||| ||und|| | ||
| 040 |
_e182012 _aMAIN |
||
| 041 | _aEnglish | ||
| 082 | _a891.431731 JS334J | ||
| 100 | _aजायसवाल, सतीश | ||
| 245 | 0 | _aजाने किस बन्दरगाह पर | |
| 260 |
_aनई दिल्ली _bराजकमल प्रकाशन _c1982 |
||
| 300 | _a129 पृ. p. | ||
| 942 | _cHN | ||
| 999 |
_c230072 _d230072 |
||